000 00381nam a2200157Ia 4500
008 230917s9999||||xx |||||||||||||| ||und||
020 _cPON8.95
040 _e18890
_aMAIN
041 _aEnglish
082 _a330.9 K18E
100 _aKay, Geoffrey
245 0 _aEconomic theory of the working class
260 _aLondon
_bMacmillan
_c1979
300 _ax, 140 p.
942 _cBK
999 _c199885
_d199885